| 000 | 00585nam a2200229 a 4500 | ||
|---|---|---|---|
| 999 |
_c4553 _d4553 |
||
| 001 | 4553 | ||
| 003 | BD-JhCC | ||
| 005 | 20171128172628.0 | ||
| 008 | 171128s1936 e a|||| || | 000 0 eng d | ||
| 035 | _a(BD-JhCC)4553 | ||
| 040 |
_aBD-JhCC _dBD-JhCC |
||
| 041 | _aeng | ||
| 082 |
_a911 _bQUR 1963 |
||
| 100 | _aQurashi, Helen S. | ||
| 245 |
_aA Junior Geography of Pakistan / _c Helen S. Qurashi, |
||
| 260 |
_aLondon : _bOxford University Press, _c1963. |
||
| 300 |
_a198 p. : _bill, ; _c20 cm. |
||
| 650 | _aGeography | ||
| 650 | _aPakistan | ||
| 942 |
_2ddc _cBK |
||